[Event "Madrid 2021-2022 ch - Previa B"]
[Site "Madrid ESP"]
[Date "2022.03.12"]
[Round "5.15"]
[White "Muminov, Suhayl"]
[Black "Aldea Moreno, Marina"]
[Result "1/2-1/2"]
[WhiteElo "1658"]
[BlackElo "1611"]
[PlyCount "120"]
[EventDate "2022.03.03"]
[EventType "swiss"]
[EventRounds "9"]
[EventCountry "ESP"]
[SourceTitle "Ajedrez en Madrid"]
[Source "lmi"]
[SourceDate "2022.03.04"]
[SourceVersion "1"]
[SourceVersionDate "2022.03.24"]
[SourceQuality "1"]

1. e4 d6 2. d4 Nf6 3. Nc3 g6 4. h3 Nbd7 5. g4 c6 6. Bg2 e5 7. Nge2 Bg7 8. Be3
a6 9. Qc1 b5 10. a3 Rb8 11. Bh6 Bxh6 12. Qxh6 Qb6 13. Rd1 b4 14. axb4 Qxb4 15.
dxe5 dxe5 16. O-O a5 17. g5 Nh5 18. Bf3 Nf4 19. Nxf4 exf4 20. Qg7 Qf8 21. Qd4
Rb4 22. Qd2 Qc5 23. Qxf4 O-O 24. Bg4 Qe5 25. Qxe5 Nxe5 26. Bxc8 Rxc8 27. f4 Nc4
28. Rf2 Rxb2 29. Rd4 Nb6 30. Na4 Kf8 31. Nxb6 Rxb6 32. Ra4 Rb5 33. c3 Rd8 34.
Kg2 Rd3 35. Rf3 Rd2+ 36. Kg3 Rc2 37. Ra3 Ke7 38. Rf2 Rc1 39. Rfa2 Ke6 40. Rxa5
Rxc3+ 41. Kg4 Rb4 42. Re5+ Kd6 43. Rd2+ Kc7 44. Re7+ Kb6 45. Rxf7 Rxe4 46. Rxh7
Ree3 47. Rg2 c5 48. Rd7 Kc6 49. Rg7 Re6 50. Ra2 Kd5 51. Ra4 c4 52. Ra5+ Kd4 53.
Rd7+ Ke3 54. f5 Re4+ 55. Kg3 Ke2+ 56. Kg2 gxf5 57. Rxf5 Ree3 58. Rf2+ Ke1 59.
Rf1+ Ke2 60. Rf2+ Ke1 1/2-1/2

[Event "Madrid 2021-2022 ch - Previa B"]
[Site "Madrid ESP"]
[Date "2022.03.12"]
[Round "5.17"]
[White "Jimenez Carrazoni, Marta Elena"]
[Black "Montoya Cabrera, Ernesto Aleja"]
[Result "1-0"]
[WhiteElo "1452"]
[BlackElo "1551"]
[PlyCount "65"]
[EventDate "2022.03.03"]
[EventType "swiss"]
[EventRounds "9"]
[EventCountry "ESP"]
[SourceTitle "Ajedrez en Madrid"]
[Source "lmi"]
[SourceDate "2022.03.04"]
[SourceVersion "1"]
[SourceVersionDate "2022.03.24"]
[SourceQuality "1"]

1. d4 Nf6 2. Nc3 g6 3. Bf4 Bg7 4. Qd2 O-O 5. O-O-O c6 6. f3 d6 7. Bh6 b5 8. h4
Nh5 9. g4 Ng3 10. Rh2 Nxf1 11. Rxf1 f6 12. Bxg7 Kxg7 13. h5 g5 14. h6+ Kh8 15.
f4 Bxg4 16. fxg5 Nd7 17. Rg2 f5 18. Nd1 Bh5 19. Qc3 d5 20. Qxc6 Nb6 21. Qe6 Qd6
22. Qxd6 exd6 23. Ne3 Bg6 24. Rgf2 Rf7 25. Nh3 Re8 26. Nxf5 Bxf5 27. Rxf5 Rxf5
28. Rxf5 Nc4 29. Nf4 Kg8 30. b3 Ne3 31. Rf6 Rc8 32. Kd2 Nxc2 33. Nxd5 1-0

[Event "Madrid 2021-2022 ch - Previa B"]
[Site "Madrid ESP"]
[Date "2022.03.12"]
[Round "5.18"]
[White "Anton Ortiz, Carlos"]
[Black "Gutierrez Trapero, Carlos"]
[Result "0-1"]
[WhiteElo "1519"]
[BlackElo "1392"]
[PlyCount "115"]
[EventDate "2022.03.03"]
[EventType "swiss"]
[EventRounds "9"]
[EventCountry "ESP"]
[SourceTitle "Ajedrez en Madrid"]
[Source "lmi"]
[SourceDate "2022.03.04"]
[SourceVersion "1"]
[SourceVersionDate "2022.03.24"]
[SourceQuality "1"]

1. d4 Nf6 2. Nf3 e6 3. g3 b6 4. Bg2 Bb7 5. O-O d5 6. c4 Be7 7. Nc3 O-O 8. cxd5
Nxd5 9. Re1 Nxc3 10. bxc3 c5 11. e4 cxd4 12. cxd4 Nd7 13. Bb2 Rc8 14. a3 Nf6
15. Ne5 Nd7 16. Ng4 Nf6 17. d5 exd5 18. Nxf6+ Bxf6 19. Bxf6 Qxf6 20. exd5 Rfd8
21. Qa4 a6 22. Rad1 b5 23. Qe4 g6 24. Qe7 Qxe7 25. Rxe7 Ba8 26. d6 Bxg2 27.
Kxg2 Rc6 28. d7 Re6 29. Rxe6 fxe6 30. Rd6 a5 31. Rb6 Rxd7 32. Rxb5 Rd5 33. Rxd5
exd5 34. Kf3 Kf7 35. Ke3 Ke6 36. Kd4 Kd6 37. a4 Ke6 38. h3 g5 39. f3 h5 40. Ke3
Ke5 41. Kd3 d4 42. Kc4 h4 43. g4 Kf4 44. Kxd4 Kxf3 45. Ke5 Kg3 46. Kf5 Kxh3 47.
Kxg5 Kg3 48. Kf5 h3 49. g5 h2 50. Kf6 h1=Q 51. Kg7 Qb7+ 52. Kh6 Qh1+ 53. Kg7
Qh5 54. g6 Kf4 55. Kf7 Qf5+ 56. Kg7 Kg5 57. Kh8 Kxg6 58. Kg8 0-1

[Event "Madrid 2021-2022 ch - Previa B"]
[Site "Madrid ESP"]
[Date "2022.03.12"]
[Round "5.19"]
[White "Sanchez Gonzalez, Samuel"]
[Black "Enriquez Pastor, Jorge"]
[Result "0-1"]
[WhiteElo "1458"]
[BlackElo "1435"]
[PlyCount "112"]
[EventDate "2022.03.03"]
[EventType "swiss"]
[EventRounds "9"]
[EventCountry "ESP"]
[SourceTitle "Ajedrez en Madrid"]
[Source "lmi"]
[SourceDate "2022.03.04"]
[SourceVersion "1"]
[SourceVersionDate "2022.03.24"]
[SourceQuality "1"]

1. d4 d5 2. c4 Nf6 3. g3 c6 4. Bg2 e6 5. Nc3 Be7 6. Bg5 Nbd7 7. c5 e5 8. e3
exd4 9. exd4 O-O 10. Nf3 h6 11. Be3 Re8 12. O-O Nf8 13. Ne5 Bf5 14. b4 a6 15.
Rc1 Qc8 16. a4 Bh3 17. b5 Bxg2 18. Kxg2 Bxc5 19. Nxd5 Nxd5 20. Rxc5 f6 21. bxc6
Nxe3+ 22. fxe3 b6 23. Qb3+ Qe6 24. Qxb6 fxe5 25. Rxe5 Qc8 26. Qb3+ Kh8 27. Rc5
Rb8 28. Qc3 Ne6 29. Rd5 Ng5 30. Rd7 Ne4 31. Qc4 Rb2+ 32. Kg1 Rf8 33. Rxf8+ Qxf8
34. Qf7 Qxf7 35. Rxf7 Rb8 36. c7 Rc8 37. Rd7 Kh7 38. d5 Nf6 39. Rd8 Rxc7 40. d6
Rd7 41. Rxd7 Nxd7 42. Kf2 Kg6 43. Kf3 Kf5 44. h4 Ke5 45. Kg4 Nf6+ 46. Kf3 Kxd6
47. Kf4 Ke6 48. e4 Nd7 49. g4 Nc5 50. a5 Nb7 51. g5 Nxa5 52. gxh6 gxh6 53. Kg4
Kf6 54. Kh5 Kg7 55. e5 Nc6 56. e6 a5 0-1

[Event "Madrid 2021-2022 ch - Previa B"]
[Site "Madrid ESP"]
[Date "2022.03.12"]
[Round "5.23"]
[White "Torres Rebolledo, Marcos"]
[Black "Castro Uceda, Jose Antonio"]
[Result "1-0"]
[WhiteElo "1478"]
[BlackElo "1476"]
[PlyCount "117"]
[EventDate "2022.03.03"]
[EventType "swiss"]
[EventRounds "9"]
[EventCountry "ESP"]
[SourceTitle "Ajedrez en Madrid"]
[Source "lmi"]
[SourceDate "2022.03.04"]
[SourceVersion "1"]
[SourceVersionDate "2022.03.24"]
[SourceQuality "1"]

1. d4 Nf6 2. c4 e5 3. dxe5 Ng4 4. Nf3 Bc5 5. e3 Nc6 6. b3 Ngxe5 7. Nxe5 Nxe5 8.
Bb2 d6 9. a3 a5 10. Qd5 Qe7 11. Nc3 O-O 12. Be2 Be6 13. Qd2 c6 14. Ne4 Bf5 15.
Nxc5 dxc5 16. O-O Rfd8 17. Qc3 f6 18. Rfd1 Rxd1+ 19. Rxd1 b6 20. a4 Rd8 21. Rd2
Rd6 22. Bd1 Qd7 23. Rxd6 Qxd6 24. Bc2 Be6 25. f4 Ng4 26. h3 Nh6 27. Qd3 Qxd3
28. Bxd3 Nf5 29. Kf2 h5 30. g4 hxg4 31. hxg4 Nd6 32. f5 Bd7 33. e4 Nf7 34. Kf3
Ng5+ 35. Kf4 Nh3+ 36. Kg3 Ng5 37. e5 fxe5 38. Bxe5 Nf7 39. Bc7 b5 40. cxb5 cxb5
41. Bxb5 Bc8 42. Bxa5 Nd6 43. Bc6 Ba6 44. Bc7 Nc8 45. Kf4 Bd3 46. Bd7 Ne7 47.
Be6+ Kh8 48. Bd6 Nc6 49. Bxc5 Bc2 50. Bd5 Na5 51. b4 Nb3 52. a5 Nc1 53. b5 Nd3+
54. Ke3 Nxc5 55. b6 Na6 56. Bc4 Nc5 57. Kd4 Nd7 58. Bb5 Nf6 59. b7 1-0

[Event "Madrid 2021-2022 ch - Previa B"]
[Site "Madrid ESP"]
[Date "2022.03.18"]
[Round "6.1"]
[White "Gutierrez Diaz, Pablo"]
[Black "Ruiz Vazquez, Javier"]
[Result "1-0"]
[WhiteElo "1916"]
[BlackElo "1725"]
[PlyCount "77"]
[EventDate "2022.03.03"]
[EventType "swiss"]
[EventRounds "9"]
[EventCountry "ESP"]
[SourceTitle "Ajedrez en Madrid"]
[Source "lmi"]
[SourceDate "2022.03.04"]
[SourceVersion "1"]
[SourceVersionDate "2022.03.24"]
[SourceQuality "1"]

1. e4 c5 2. Nf3 d6 3. Bb5+ Bd7 4. Bxd7+ Qxd7 5. c4 Nf6 6. Nc3 Nc6 7. d4 Qg4 8.
O-O Nxe4 9. Nd5 O-O-O 10. h3 Qd7 11. Qe2 Nf6 12. Be3 e6 13. Nc3 h6 14. Rfd1 Qc7
15. a3 Be7 16. b4 g5 17. d5 exd5 18. cxd5 Nb8 19. Nb5 Qb6 20. a4 a6 21. Na3
Rhe8 22. b5 Ne4 23. Rac1 axb5 24. Nxb5 Na6 25. Nfd4 Kb8 26. Nb3 Nc7 27. Nxc7
Kxc7 28. Nd4 Kb8 29. Nc6+ Kc7 30. Nxd8 Bxd8 31. Qh5 Bf6 32. Qxf7+ Re7 33. Qf8
Qb2 34. Rb1 Qc3 35. Qa8 b6 36. Qc6+ Kd8 37. Rxb6 Rd7 38. Rb8+ Ke7 39. Qc8 1-0

[Event "Madrid 2021-2022 ch - Previa B"]
[Site "Madrid ESP"]
[Date "2022.03.18"]
[Round "6.2"]
[White "Cabanas Bravo, Juan Andres"]
[Black "Santamaria Baeza, Adolfo"]
[Result "0-1"]
[WhiteElo "1903"]
[BlackElo "1875"]
[PlyCount "70"]
[EventDate "2022.03.03"]
[EventType "swiss"]
[EventRounds "9"]
[EventCountry "ESP"]
[SourceTitle "Ajedrez en Madrid"]
[Source "lmi"]
[SourceDate "2022.03.04"]
[SourceVersion "1"]
[SourceVersionDate "2022.03.24"]
[SourceQuality "1"]

1. e4 e5 2. Nf3 Nc6 3. Bc4 Bc5 4. c3 Nf6 5. b4 Bb6 6. d3 h6 7. a4 a6 8. Qb3 O-O
9. Be3 d6 10. a5 Ba7 11. Nbd2 Ne7 12. Nf1 c6 13. Qc2 d5 14. Bxa7 Rxa7 15. Ba2
Ng6 16. Ne3 Be6 17. O-O Nh5 18. Rad1 f5 19. exf5 Bxf5 20. Nxf5 Rxf5 21. d4 Qf6
22. dxe5 Nxe5 23. Nxe5 Rxe5 24. Rde1 Rxe1 25. Rxe1 Ra8 26. c4 Qg5 27. cxd5 cxd5
28. Re3 Rf8 29. Qd1 Nf4 30. Rg3 Qe5 31. Re3 Qb2 32. Bb1 Nh3+ 33. gxh3 Qxf2+ 34.
Kh1 Qxe3 35. Qc2 Rf1+ 0-1

[Event "Madrid 2021-2022 ch - Previa B"]
[Site "Madrid ESP"]
[Date "2022.03.18"]
[Round "6.3"]
[White "Portero Rubio, Martin"]
[Black "Torres Rebolledo, Alvaro"]
[Result "1-0"]
[WhiteElo "1846"]
[BlackElo "1705"]
[PlyCount "109"]
[EventDate "2022.03.03"]
[EventType "swiss"]
[EventRounds "9"]
[EventCountry "ESP"]
[SourceTitle "Ajedrez en Madrid"]
[Source "lmi"]
[SourceDate "2022.03.04"]
[SourceVersion "1"]
[SourceVersionDate "2022.03.24"]
[SourceQuality "1"]

1. e4 e5 2. Nf3 Nc6 3. Bb5 a6 4. Bxc6 dxc6 5. Nc3 Bg4 6. h3 Bxf3 7. Qxf3 Bc5 8.
d3 Ne7 9. Be3 Bxe3 10. Qxe3 O-O 11. O-O-O Ng6 12. d4 Qf6 13. dxe5 Nxe5 14. Ne2
b5 15. Qf4 Qe7 16. Nd4 Ng6 17. Qe3 Rfe8 18. Rhe1 c5 19. Nf5 Qe6 20. Qc3 Qe5 21.
Qxe5 Rxe5 22. Rd7 Rae8 23. Kd2 Rxe4 24. Rxe4 Rxe4 25. Rxc7 Re5 26. Rc8+ Nf8 27.
Ne3 g6 28. f4 Re4 29. g3 c4 30. Ra8 Re6 31. f5 Rd6+ 32. Kc3 Kg7 33. g4 g5 34.
Kb4 Nd7 35. Rd8 Kf6 36. Rh8 Kg7 37. Rd8 Kf6 38. Rh8 Kg7 39. Rd8 Kf6 40. a4 Ke7
41. Ra8 bxa4 42. Nxc4 Rc6 43. Ra7 Kd8 44. Rxd7+ Kxd7 45. Ne5+ Kc7 46. Nxc6 Kxc6
47. Kxa4 Kb6 48. b4 Kc6 49. Ka5 Kd5 50. Kxa6 Ke4 51. b5 Kf3 52. b6 Kg3 53. b7
Kxh3 54. b8=Q Kxg4 55. Qf8 1-0

[Event "Madrid 2021-2022 ch - Previa B"]
[Site "Madrid ESP"]
[Date "2022.03.18"]
[Round "6.4"]
[White "Feal Albala, Alonso"]
[Black "Rodriguez Avila, Alvaro"]
[Result "1-0"]
[WhiteElo "1809"]
[BlackElo "1949"]
[PlyCount "97"]
[EventDate "2022.03.03"]
[EventType "swiss"]
[EventRounds "9"]
[EventCountry "ESP"]
[SourceTitle "Ajedrez en Madrid"]
[Source "lmi"]
[SourceDate "2022.03.04"]
[SourceVersion "1"]
[SourceVersionDate "2022.03.24"]
[SourceQuality "1"]

1. d4 Nf6 2. Nc3 d5 3. Bf4 e6 4. Nb5 Na6 5. a3 c6 6. Nc3 Bd6 7. Bxd6 Qxd6 8. e3
Nb8 9. Nf3 Nbd7 10. Bd3 e5 11. Bf5 e4 12. Bxd7+ Nxd7 13. Nd2 O-O 14. Nf1 Nf6
15. h3 c5 16. Ne2 Bd7 17. Nfg3 Rac8 18. c3 cxd4 19. Nxd4 Qb6 20. Qe2 Rfe8 21.
O-O Re5 22. Qd2 Rg5 23. Kh1 Qd6 24. Qe2 h5 25. Rg1 Re8 26. Nf1 Ree5 27. f4 exf3
28. Nxf3 Ne4 29. Nxg5 Rxg5 30. Re1 Bg4 31. hxg4 hxg4 32. g3 Qh6+ 33. Nh2 Rf5
34. Ref1 Rxf1 35. Qxf1 Qxe3 36. Qf4 Qe2 37. Rg2 Qe1+ 38. Nf1 f6 39. Kh2 Ng5 40.
Nd2 Qd1 41. Qf5 Kf7 42. Qxd5+ Kg6 43. Qxb7 Qe1 44. Qxa7 Qe8 45. Kh1 Nh3 46. Qd4
Qe1+ 47. Kh2 Ng5 48. Qxg4 f5 49. Qe2 1-0

[Event "Madrid 2021-2022 ch - Previa B"]
[Site "Madrid ESP"]
[Date "2022.03.18"]
[Round "6.5"]
[White "Baeza Escudero, Javier"]
[Black "Suarez Hernan, Santiago"]
[Result "1-0"]
[WhiteElo "1849"]
[BlackElo "1720"]
[PlyCount "71"]
[EventDate "2022.03.03"]
[EventType "swiss"]
[EventRounds "9"]
[EventCountry "ESP"]
[SourceTitle "Ajedrez en Madrid"]
[Source "lmi"]
[SourceDate "2022.03.04"]
[SourceVersion "1"]
[SourceVersionDate "2022.03.24"]
[SourceQuality "1"]

1. e4 c6 2. Nc3 d5 3. Nf3 dxe4 4. Nxe4 Nd7 5. Qe2 Ndf6 6. Ng3 e6 7. d4 Qc7 8.
Bd2 Ne7 9. O-O-O a5 10. Kb1 a4 11. a3 b5 12. Ne4 Nxe4 13. Qxe4 Nd5 14. c4 bxc4
15. Bxc4 Qb6 16. Ka1 Rb8 17. Qc2 Bd7 18. Rhe1 Be7 19. h4 Bf6 20. Bg5 Bxg5 21.
hxg5 Ke7 22. Ne5 Qa7 23. f4 g6 24. g4 h6 25. f5 gxf5 26. gxf5 Be8 27. fxe6 fxe6
28. Ng6+ Bxg6 29. Qxg6 Qd7 30. Rf1 Rhf8 31. gxh6 Kd6 32. Qg3+ Ke7 33. Qg7+ Kd6
34. Rxf8 Rxf8 35. Qxf8+ Kc7 36. Bxd5 1-0

[Event "Madrid 2021-2022 ch - Previa B"]
[Site "Madrid ESP"]
[Date "2022.03.18"]
[Round "6.7"]
[White "Simonyan, Arturo"]
[Black "Cardena Contreras, Javier"]
[Result "1-0"]
[WhiteElo "1923"]
[BlackElo "1816"]
[PlyCount "103"]
[EventDate "2022.03.03"]
[EventType "swiss"]
[EventRounds "9"]
[EventCountry "ESP"]
[SourceTitle "Ajedrez en Madrid"]
[Source "lmi"]
[SourceDate "2022.03.04"]
[SourceVersion "1"]
[SourceVersionDate "2022.03.24"]
[SourceQuality "1"]

1. e4 c5 2. Nf3 d6 3. d4 cxd4 4. Nxd4 Nf6 5. Nc3 a6 6. Be3 e5 7. Nb3 Be6 8. f3
Nbd7 9. Qd2 b5 10. g4 b4 11. Na4 a5 12. g5 Nh5 13. Bb5 Rb8 14. Bc6 Qc7 15. Bd5
Be7 16. O-O-O g6 17. h4 O-O 18. Qd3 Rbc8 19. Rh2 Rfd8 20. Qb5 Bxd5 21. Rxd5 Ra8
22. Bb6 Nxb6 23. Qxb6 Qc4 24. Qb5 Qc7 25. Nxa5 Nf4 26. Nc6 Nxd5 27. Nxd8 Qxd8
28. exd5 Qa5 29. Qxa5 Rxa5 30. Nb6 Rxa2 31. Re2 Ra6 32. Nc8 Bd8 33. f4 f6 34.
Re4 Kf7 35. fxe5 fxe5 36. Rxb4 Ra1+ 37. Kd2 Ba5 38. Kc3 Bxb4+ 39. Kxb4 Rh1 40.
Nxd6+ Ke7 41. Kc5 Rxh4 42. Nc4 e4 43. d6+ Ke8 44. Kc6 Rh2 45. c3 e3 46. Nxe3
Rxb2 47. c4 Ra2 48. c5 Ra6+ 49. Kd5 Kd7 50. Nc4 Ra1 51. c6+ Kd8 52. c7+ 1-0

[Event "Madrid 2021-2022 ch - Previa B"]
[Site "Madrid ESP"]
[Date "2022.03.18"]
[Round "6.8"]
[White "Toledo Aguirre, Gonzalo"]
[Black "Lopez Herrero, Israel"]
[Result "0-1"]
[WhiteElo "1879"]
[BlackElo "1683"]
[PlyCount "122"]
[EventDate "2022.03.03"]
[EventType "swiss"]
[EventRounds "9"]
[EventCountry "ESP"]
[SourceTitle "Ajedrez en Madrid"]
[Source "lmi"]
[SourceDate "2022.03.04"]
[SourceVersion "1"]
[SourceVersionDate "2022.03.24"]
[SourceQuality "1"]

1. d4 Nf6 2. c4 g6 3. Nc3 Bg7 4. e4 d6 5. h3 Nbd7 6. Be3 O-O 7. Nf3 e5 8. d5
Nh5 9. Qc2 a5 10. O-O-O Nb8 11. g4 Nf4 12. Bd3 Na6 13. a3 Nc5 14. Bxc5 dxc5 15.
Kb1 Nxd3 16. Qxd3 Ra6 17. Qe3 Qe7 18. Na4 f5 19. Qxc5 Qd7 20. Qb5 fxg4 21. Nc5
Qxb5 22. cxb5 Rb6 23. Ng5 Rxb5 24. Nd3 gxh3 25. Nxh3 Bg4 26. Rd2 Bf6 27. f4
exf4 28. Nhf2 Bh5 29. a4 Rb6 30. Rc2 Rf7 31. Rc5 Bg7 32. Rhc1 Be2 33. Rxc7 Rxc7
34. Rxc7 Bxd3+ 35. Nxd3 g5 36. e5 f3 37. e6 Bd4 38. Rc8+ Kg7 39. e7 f2 40. Rf8
Rf6 41. Rxf6 Bxf6 42. e8=N+ Kf7 43. Nxf2 Kxe8 44. Ne4 Bd8 45. Kc2 h5 46. Kd3 h4
47. Nf2 Kd7 48. Ke4 Kd6 49. Ng4 Bb6 50. Kf5 Kxd5 51. Kxg5 Bd8+ 52. Kf4 Kc4 53.
Ke4 Kb3 54. Kd4 Kxb2 55. Kc4 h3 56. Kb5 Bc7 57. Nf2 h2 58. Nh1 Kc3 59. Kc5 Kd3
60. Kd5 Ke3 61. Ke6 b5 0-1

[Event "Madrid 2021-2022 ch - Previa B"]
[Site "Madrid ESP"]
[Date "2022.03.18"]
[Round "6.9"]
[White "Vukotic Jovsic, Dragan"]
[Black "Marin Aso, Jose Luis"]
[Result "0-1"]
[WhiteElo "1834"]
[BlackElo "1834"]
[PlyCount "76"]
[EventDate "2022.03.03"]
[EventType "swiss"]
[EventRounds "9"]
[EventCountry "ESP"]
[SourceTitle "Ajedrez en Madrid"]
[Source "lmi"]
[SourceDate "2022.03.04"]
[SourceVersion "1"]
[SourceVersionDate "2022.03.24"]
[SourceQuality "1"]

1. Nf3 Nf6 2. d4 d5 3. Bf4 c5 4. e3 e6 5. c4 Nc6 6. Nc3 Be7 7. Rc1 O-O 8. a3 b6
9. Ne5 Bb7 10. dxc5 bxc5 11. Qb3 Na5 12. Qa4 d4 13. Rd1 Qb6 14. exd4 cxd4 15.
Ne2 Nc6 16. b4 Nxb4 17. axb4 Bxb4+ 18. Bd2 Bxd2+ 19. Rxd2 Qb1+ 20. Rd1 Qe4 21.
Nd3 Rac8 22. Qxa7 Rxc4 23. Nc5 Rxc5 24. Qxc5 e5 25. f3 Qh4+ 26. g3 Qh5 27. Bg2
Bxf3 28. Bxf3 Qxf3 29. Rf1 Qe3 30. Qc1 Qe4 31. Qb1 Qg2 32. Qf5 Qxh2 33. Qxe5
Re8 34. Qb5 Qxg3+ 35. Kd2 Rxe2+ 36. Kc1 Qa3+ 37. Kb1 Qa2+ 38. Kc1 Rc2# 0-1

[Event "Madrid 2021-2022 ch - Previa B"]
[Site "Madrid ESP"]
[Date "2022.03.18"]
[Round "6.10"]
[White "Fernandez Herrero, Mario"]
[Black "Lozano Argueso, Cesar"]
[Result "1-0"]
[WhiteElo "1862"]
[BlackElo "1723"]
[PlyCount "106"]
[EventDate "2022.03.03"]
[EventType "swiss"]
[EventRounds "9"]
[EventCountry "ESP"]
[SourceTitle "Ajedrez en Madrid"]
[Source "lmi"]
[SourceDate "2022.03.04"]
[SourceVersion "1"]
[SourceVersionDate "2022.03.24"]
[SourceQuality "1"]

1. e4 c5 2. Nf3 d6 3. d4 cxd4 4. Nxd4 Nf6 5. Nc3 g6 6. Be3 Bg7 7. f3 Nc6 8. Qd2
O-O 9. O-O-O d5 10. Nxc6 bxc6 11. Bh6 Qc7 12. Bxg7 Kxg7 13. g4 dxe4 14. g5 Nd5
15. Nxe4 Bf5 16. c4 Rac8 17. Ng3 Be6 18. cxd5 cxd5+ 19. Kb1 d4 20. Bd3 Qd6 21.
Bc2 Qc6 22. Be4 Qa6 23. Qxd4+ Kg8 24. b3 Rc7 25. Rc1 Rd7 26. Qb2 Rfd8 27. Rc6
Qa5 28. Rhc1 Rd2 29. R6c2 R2d6 30. h4 Qb4 31. h5 a5 32. h6 Qd4 33. Qxd4 Rxd4
34. Ne2 Rb4 35. Bc6 Bf5 36. Be4 Be6 37. Ka1 f5 38. gxf6 exf6 39. Nf4 Bf7 40.
Rc8 Rbd4 41. Bb7 g5 42. Rxd8+ Rxd8 43. Ne2 a4 44. bxa4 Be6 45. Nc3 Rd7 46. Bc6
Ra7 47. Ne4 Kf7 48. Rd1 Kg6 49. Rd6 Re7 50. Bd5 Bxd5 51. Rxd5 Kxh6 52. Nxf6 Ra7
53. a5 Kg7 1-0

[Event "Madrid 2021-2022 ch - Previa B"]
[Site "Madrid ESP"]
[Date "2022.03.18"]
[Round "6.12"]
[White "Roquero Redondo, Miguel"]
[Black "Jimenez Carrazoni, Marta Elena"]
[Result "1-0"]
[WhiteElo "1734"]
[BlackElo "1452"]
[PlyCount "53"]
[EventDate "2022.03.03"]
[EventType "swiss"]
[EventRounds "9"]
[EventCountry "ESP"]
[SourceTitle "Ajedrez en Madrid"]
[Source "lmi"]
[SourceDate "2022.03.04"]
[SourceVersion "1"]
[SourceVersionDate "2022.03.24"]
[SourceQuality "1"]

1. e4 c5 2. Nf3 Nc6 3. Nc3 e5 4. Bc4 Be7 5. d3 Nf6 6. Bg5 d6 7. Bxf6 Bxf6 8.
Nd2 O-O 9. Nf1 Bg5 10. Nd5 g6 11. Nfe3 Kh8 12. O-O f5 13. exf5 gxf5 14. f4 exf4
15. Nxf4 Bxf4 16. Rxf4 Qg5 17. Qf1 Nd4 18. Re1 Re8 19. c3 Nc6 20. Qf2 Bd7 21.
Rf1 Re5 22. Nxf5 Rae8 23. Nxd6 Re2 24. Nf7+ Kg7 25. Nxg5 Rxf2 26. R4xf2 Nd8 27.
Nf7 1-0

[Event "Madrid 2021-2022 ch - Previa B"]
[Site "Madrid ESP"]
[Date "2022.03.18"]
[Round "6.13"]
[White "Aldea Moreno, Marina"]
[Black "Mata Medina, Andres"]
[Result "1-0"]
[WhiteElo "1611"]
[BlackElo "1374"]
[PlyCount "103"]
[EventDate "2022.03.03"]
[EventType "swiss"]
[EventRounds "9"]
[EventCountry "ESP"]
[SourceTitle "Ajedrez en Madrid"]
[Source "lmi"]
[SourceDate "2022.03.04"]
[SourceVersion "1"]
[SourceVersionDate "2022.03.24"]
[SourceQuality "1"]

1. e4 d6 2. d4 Nf6 3. Nc3 g6 4. Bg5 Bg7 5. Qd2 Nbd7 6. Nf3 c5 7. Bh6 Bxh6 8.
Qxh6 cxd4 9. Nxd4 Qb6 10. O-O-O Ne5 11. h3 Bd7 12. f4 Nc6 13. Nf3 O-O-O 14. Bc4
Be8 15. e5 Na5 16. Bb3 Nxb3+ 17. axb3 Qe3+ 18. Kb1 Nh5 19. Nd5 Qc5 20. Nxe7+
Kb8 21. Qg5 Ng7 22. exd6 Qxg5 23. Nxg5 h6 24. Ne4 f5 25. Nf6 g5 26. Rhe1 gxf4
27. Nxe8 Rhxe8 28. c4 Nh5 29. Nxf5 Rxe1 30. Rxe1 Ng3 31. Nxg3 fxg3 32. Rd1 Kc8
33. c5 Kd7 34. Rd3 Kc6 35. b4 a5 36. bxa5 Kxc5 37. Rxg3 Rxd6 38. Rg7 Kc6 39.
Kc2 Rf6 40. Kc3 Kb5 41. b4 b6 42. Rb7 Ka4 43. Rxb6 Rf2 44. Rg6 Kb5 45. a6 Ra2
46. Kb3 Ra1 47. Rxh6 Rb1+ 48. Kc3 Ra1 49. g4 Ra3+ 50. Kb2 Kxb4 51. Rb6+ Ka4 52.
a7 1-0

[Event "Madrid 2021-2022 ch - Previa B"]
[Site "Madrid ESP"]
[Date "2022.03.18"]
[Round "6.14"]
[White "Enriquez Pastor, Jorge"]
[Black "Jimenez Carrazoni, Javier"]
[Result "0-1"]
[WhiteElo "1435"]
[BlackElo "1584"]
[PlyCount "88"]
[EventDate "2022.03.03"]
[EventType "swiss"]
[EventRounds "9"]
[EventCountry "ESP"]
[SourceTitle "Ajedrez en Madrid"]
[Source "lmi"]
[SourceDate "2022.03.04"]
[SourceVersion "1"]
[SourceVersionDate "2022.03.24"]
[SourceQuality "1"]

1. e4 c5 2. c4 Nc6 3. Ne2 Nf6 4. Nbc3 e6 5. d4 d5 6. cxd5 exd5 7. e5 cxd4 8.
exf6 dxc3 9. Nxc3 d4 10. fxg7 Bxg7 11. Ne4 Qe7 12. Qe2 Be6 13. Ng5 O-O-O 14.
Nxe6 fxe6 15. Qd3 e5 16. Qf5+ Kb8 17. Bd3 Nb4 18. O-O Rhf8 19. Qe4 Nxd3 20.
Qxd3 e4 21. Re1 Rfe8 22. Bf4+ Ka8 23. Qd2 Qf7 24. Bg3 e3 25. Qd3 Rf8 26. Re2
Bh6 27. f3 Rg8 28. b3 Bg5 29. Rc1 Bf4 30. Rc4 Bxg3 31. hxg3 Qg6 32. Qxg6 hxg6
33. Kf1 d3 34. Re1 e2+ 35. Rxe2 dxe2+ 36. Kxe2 Kb8 37. f4 Rgf8 38. Rc5 Rf5 39.
Rc1 g5 40. Rc4 g4 41. Re4 Kc7 42. Re7+ Rd7 43. Re6 Rfd5 44. Rg6 Re7+ 0-1

[Event "Madrid 2021-2022 ch - Previa B"]
[Site "Madrid ESP"]
[Date "2022.03.18"]
[Round "6.15"]
[White "Gutierrez Trapero, Carlos"]
[Black "Villar Grandon, Diego"]
[Result "1/2-1/2"]
[WhiteElo "1392"]
[BlackElo "1606"]
[PlyCount "69"]
[EventDate "2022.03.03"]
[EventType "swiss"]
[EventRounds "9"]
[EventCountry "ESP"]
[SourceTitle "Ajedrez en Madrid"]
[Source "lmi"]
[SourceDate "2022.03.04"]
[SourceVersion "1"]
[SourceVersionDate "2022.03.24"]
[SourceQuality "1"]

1. e4 e5 2. Nf3 Nc6 3. Bb5 a6 4. Ba4 Nf6 5. O-O b5 6. Bb3 Bc5 7. c3 d6 8. d4
exd4 9. cxd4 Bb6 10. Bg5 h6 11. Bh4 Bg4 12. Bd5 Nxd4 13. Bxa8 Qxa8 14. Qd3
Nxf3+ 15. gxf3 Bh3 16. Re1 O-O 17. Bxf6 gxf6 18. f4 Qc8 19. Nc3 Kh8 20. Kh1
Bxf2 21. Re2 Bc5 22. f5 Bg4 23. Rg2 Rg8 24. Qg3 Rg5 25. Qf4 Bh3 26. Rxg5 fxg5
27. Qg3 g4 28. Qh4 Kg7 29. Nd5 Bd4 30. Rc1 Qe8 31. Re1 Qe5 32. Qg3 c6 33. Qxe5+
Bxe5 34. Nb4 c5 35. Nxa6 1/2-1/2

[Event "Madrid 2021-2022 ch - Previa B"]
[Site "Madrid ESP"]
[Date "2022.03.18"]
[Round "6.16"]
[White "Palacios Sanchez, Victor"]
[Black "Corchon Granero, Mateo"]
[Result "1/2-1/2"]
[WhiteElo "1658"]
[BlackElo "1491"]
[PlyCount "94"]
[EventDate "2022.03.03"]
[EventType "swiss"]
[EventRounds "9"]
[EventCountry "ESP"]
[SourceTitle "Ajedrez en Madrid"]
[Source "lmi"]
[SourceDate "2022.03.04"]
[SourceVersion "1"]
[SourceVersionDate "2022.03.24"]
[SourceQuality "1"]

1. e4 e5 2. Nf3 Nc6 3. d4 exd4 4. Nxd4 Nf6 5. Nxc6 bxc6 6. e5 Qe7 7. Qe2 Nd5 8.
c4 Nb6 9. b3 a5 10. Ba3 d6 11. f4 Qe6 12. Nd2 Be7 13. Nf3 c5 14. Qe4 Rb8 15.
Bd3 Bb7 16. Qe2 g6 17. O-O O-O 18. Qc2 f5 19. Rae1 Rfe8 20. exd6 Qxd6 21. Rd1
Qxf4 22. Bb2 Rf8 23. Rfe1 Bf6 24. Bc1 Qg4 25. Re3 Bxf3 26. Rxf3 Bd4+ 27. Kh1
Qh4 28. Bf4 Qe7 29. Rg3 Qf7 30. Bh6 Bg7 31. Bxg7 Qxg7 32. Be2 Rbd8 33. Rgd3 Qe7
34. Bf3 Rfe8 35. h3 Qh4 36. Rxd8 Rxd8 37. Rxd8+ Qxd8 38. Qf2 Qd6 39. Qe3 Nd7
40. Qe8+ Kg7 41. Bd5 Nf6 42. Qf7+ Kh6 43. Bf3 Ne4 44. Kg1 Qd4+ 45. Kh2 Qe5+ 46.
Kg1 Qd4+ 47. Kh2 Qe5+ 1/2-1/2